Lataa...

Emergence of Bangladesh and role of Awami League /

Bibliografiset tiedot
Päätekijä: Bhuiyan, Abdul Wadud
Aineistotyyppi: Printed Book
Julkaistu: New Delhi ; New York : Vikas, c1982.
Aiheet:
LEADER 00827cam a2200253 a 4500
020 |a 0706917731 
035 |a (OCoLC)11969877 
035 |a (OCoLC)ocm11969877 
035 |a (CStRLIN)NYCG84-B5404 
035 |a (NNC)248481 
043 |a a-by--- 
082 |a 954.92  |b BHU/E 
090 |a DS485.B46  |b B53 
100 1 |a Bhuiyan, Abdul Wadud. 
245 1 0 |a Emergence of Bangladesh and role of Awami League /  |c Abdul Wadud Bhuiyan. 
260 |a New Delhi ;  |a New York :  |b Vikas,  |c c1982. 
300 |a vi, 288 p. ;  |c 23 cm. 
942 |2 ddc  |c BK 
500 |a Includes index. 
504 |a Bibliography: p. [272]-282. 
651 0 |a Bangladesh  |x History. 
900 |a AUTH 
999 |c 150068  |d 150068 
952 |0 0  |1 0  |4 0  |6 954_920000000000000_BHU_E  |7 0  |9 160378  |a MCJ  |b MCJ  |c ST1  |d 2014-05-13  |i 419  |l 0  |o 954.92 BHU/E  |p MCJ419  |r 2014-06-21  |w 2014-06-21  |y BK